| 000 | 00000nam##2200000za#4500 |
| 001 | 9.589879 |
| 003 | CaOODSP |
| 005 | 20210624195846 |
| 007 | cr ||||||||||| |
| 008 | 150406|1989||||xxc|||||o f|0| 0 eng|d |
| 022 | |a1488-5379 |
| 040 | |aCaOODSP|beng |
| 041 | |aeng |
| 041 | |afre |
| 043 | |an-cn--- |
| 086 | 1 |aFs97-6/1770-PDF |
| 110 | 1 |aCanada. |bDepartment of Fisheries and Oceans. |
| 245 | 10|aProceedings of a Workshop - Marine Ecosystem Studies in Hudson Strait, November 9 - 10 November, 1989, Montreal, Quebec / |h[electronic resource]|ceditor J.A. Percy. |
| 260 | |aSainte-Anne-de-Bellevue - Quebec : |bFisheries and Oceans Canada |c1990. |
| 300 | |a192p.|bfigs., tables |
| 490 | 1 |aCanadian technical report of fisheries and aquatic sciences|x1488-5379|vNo. 1770 |
| 500 | |aOn t.p.: Institut Maurice Lamontagne, Ste-Anne-de-Bellevue, Quebec. The catalogue number and ISSN for the print edition appear in the PDF version. |
| 590 | |a14-05-Supp|b2014-02-26 |
| 792 | |tCompte rendu d'un atelier - Études de l'écosystème marin du détroit d'Hudson, 9-10 novembre 1989, Montréal, Québec / |efre|w(CaOODSP)9.589880 |
| 830 | #0|aCanadian technical report of fisheries and aquatic sciences,|x1488-5379|vNo. 1770|w(CaOODSP)9.500269 |
| 856 | 40|ahttp://publications.gc.ca|qPDF|s8782 KB|uhttps://publications.gc.ca/collections/collection_2014/mpo-dfo/Fs97-6-1770.pdf|yNo. 1770 |